| 000 | 01221nam a2200193Ii 4500 | ||
|---|---|---|---|
| 003 | JO-AjNU | ||
| 008 | 230605s9999||||xx |||||||||||||| ||und|| | ||
| 040 |
_aJO-AjNU _bara _erda _cJO-AjNU |
||
| 041 | _aara | ||
| 050 | 1 | 4 | _aLC3993 |
| 100 | 3 |
_aوزارة التربية والتعليم، الأردن؛ اشراف مديرية التربية والتعليم لمحافظة جرش؛ اعداد مدرسة البرج الثانوية المخنلطة، جرش؛ تحرير لغوي مصطفى النوباني؛ تنسيق باسم عضيبات , _eauthor _946190 |
|
| 245 | 0 | 0 | _aالمؤتمر العلمي الأول للطلبة الموهوبين بعنوان دور الأسرة والمدرسة في الكشف عن الطلبة الموهوبين، مديرية التربية والتعليم لمحافظة جرش، مدرسة البرج الثانوية المختلطة الشاملة |
| 264 | 3 | 1 | _aعمان: وزارة التربية والتعليم، د.ت |
| 300 | _a73ص | ||
| 336 |
_atext _btxt _2rdacontent |
||
| 337 |
_aunmediated _bn _2rdamedia |
||
| 338 |
_avolume _bnc _2rdacarrier |
||
| 650 | 4 |
_aالطلبة الموهوبين - تعليم - الاسرة والمدرسة - توجية _946191 |
|
| 999 |
_aA20076 _c23644 _d23644 |
||